000 00784cam a2200265 a 4500
001 000004020
003 DO-SdBNP
005 20220927105254.0
007 ta
008 960409s1997 sp 000 1 spa
020 _a0553060708
040 _aDO-SdBNP
_bspa
_cBNPHU
082 4 _a813.54
_bS813h
_222
100 1 _aSteel, Danielle
_912024
245 1 3 _aEl honor del silencio /
_cDanielle Steel ; traductor, Gemma Moral Bartolomé.
260 _aBarcelona :
_bPlaza & Janés,
_c1997.
300 _a284 p. ;
_c21 cm.
534 _pTítulo original:
_tSilent honor
590 _aInventariado, 2022 / DG
650 4 _aNovela estadounidense
_9262
650 4 _aLiteratura estadounidense
_9263
700 1 _aMoral Bartolomé, Gemma,
_etr.
_911888
910 _aDG
942 _2ddc
_cLBS1
999 _c3839
_d3839